| 000 | 01024cam a2200253 4500 | ||
|---|---|---|---|
| 001 | E113087 | ||
| 008 | 000000n1999 000 0 eng u | ||
| 035 | _a(Sirsi) u113087 | ||
| 041 | _aeng | ||
| 050 | _a658.022 | ||
| 110 |
_aRoyal Institution of Chartered Surveyors _94900 |
||
| 245 | _aBecoming a partner, director or sole trader as a chartered surveyor: setting up in practice guidance notes | ||
| 260 |
_aLondon _bRICS _c1999 |
||
| 300 |
_a[90p] _c30cm |
||
| 520 | _aNotes which have been prepared for members who enquire about setting up in practice. Notes are revised every six months and members are advised to contact the RICS Professional Regulation and Consumer Protection, or check the relevant sources, for changes that may occur. | ||
| 650 | _aABOUT RICS-RICS MEMBERS | ||
| 650 | _aDIRECTORS | ||
| 650 | _aPARTNERS | ||
| 650 | _aSETTING UP IN PRACTICE | ||
| 650 | _aSOLE PRACTITIONERS | ||
| 650 | _aSOLE TRADERS | ||
| 690 | _aMANAGEMENT-BUSINESS MANAGEMENT-PROFESSIONAL PRACTICE | ||
| 942 | _n0 | ||
| 999 |
_c101507 _d101507 |
||